banner-ar

MANAGEMENT INFORMATION SYSTEMS FOR THE INFORMATION AGE / (Record no. 18181)

MARC details
000 -الفاتح
حقل البيانات ثابتة الطول 00644nam a2200217Ia 4500
008 - عناصر البيانات ثابتة الطول - معلومات عامة
حقل البيانات ثابتة الطول 140319s9999 xx 000 0 eng d
020 ## - الرقم الدولى المعيارى للكتب
الرقم الدولى المعيارى للكتاب 0072935863
040 ## - مصدر الفهرسة
وكالة الفهرسة الأصلية GCL /
وكالة النسخ GCL
082 04 - رقم تصنيف ديوى العشرى
رقم التصنيف 658.4038
رقم المادة H M
100 1# - المدخل الرئيسى - إسم شخصى
الإسم الشخصى HAAG, STEPHEN
245 10 - بيان العنوان
العنوان MANAGEMENT INFORMATION SYSTEMS FOR THE INFORMATION AGE /
بيان المسئوليه,etc HAAG, STEPHEN
700 1# - المدخل الاضافى - اسم شخصى
الإسم الشخصى CUMMINGS, MAEVE
250 ## - بيان الطبعة
بيان الطبعة 5
260 ## - PUBLICATION, DISTRIBUTION, ETC. (IMPRINT)
تاريخ النشر أو التوزيع 2005
300 ## - الوصف المادى
التعداد 32 CM ؛
أبعاد الوعاء 554 P
650 04 - المدخل الاضافى بالموضوع-مصطلح موضوعى
مصطلح موضوعي MANAGEMENT - INFORMATION SYSTEM
650 04 - المدخل الاضافى بالموضوع-مصطلح موضوعى
مصطلح موضوعي INFORMATION RESOURCES MANAGEMENET
650 04 - المدخل الاضافى بالموضوع-مصطلح موضوعى
مصطلح موضوعي INFORMATION TECHNOLOGY - MANAGMENT
942 ## - عناصر المدخل الإضافي( كوها)
مصدر التصنيف او مخطط الترفيف Dewey Decimal Classification
Koha [default] item type كتاب
260 ## - PUBLICATION, DISTRIBUTION, ETC. (IMPRINT)
-- نيويورك :
-- MC GRAW - HILL ،
Holdings
حالة التراجع حالة الفقد حالة تلف ليس للاعارة المكان المؤقت الموقع الحالى تاريخ الاكتساب اجمالي اﻻعارات رقم الطلب الباركود تاريخ اخر مشاهدة تاريخ تفعيل السعر نوع وعاء كوها
        مكتبة القاهرة الكبرى مكتبة القاهرة الكبرى 03/26/2014   658.4038\H M 33253 03/26/2014 03/26/2014 كتاب
        مكتبة القاهرة الكبرى مكتبة القاهرة الكبرى 03/26/2014   658.4038\H M 33254 03/26/2014 03/26/2014 كتاب
        مكتبة القاهرة الكبرى مكتبة القاهرة الكبرى 03/26/2014   658.4038\H M 33255 03/26/2014 03/26/2014 كتاب

Powered By

EGPV